Thimayya of India a Soldier's Life / (Record no. 187380)
[ view plain ]
| 000 -LEADER | |
|---|---|
| fixed length control field | 00798 a2200169 4500 |
| 003 - CONTROL NUMBER IDENTIFIER | |
| control field | Nust |
| 005 - DATE AND TIME OF LATEST TRANSACTION | |
| control field | 20230202115128.0 |
| 040 ## - CATALOGING SOURCE | |
| Transcribing agency | Nust |
| 082 ## - DEWEY DECIMAL CLASSIFICATION NUMBER | |
| Classification number | 954,EVA |
| 100 ## - MAIN ENTRY--PERSONAL NAME | |
| Personal name | Evans, Humphrey |
| 9 (RLIN) | 108457 |
| 245 ## - TITLE STATEMENT | |
| Title | Thimayya of India a Soldier's Life / |
| Statement of responsibility, etc. | Humphrey Evans |
| 260 ## - PUBLICATION, DISTRIBUTION, ETC. | |
| Place of publication, distribution, etc. | New York |
| Name of publisher, distributor, etc. | Harcourt Brace and Company |
| Date of publication, distribution, etc. | 1960 |
| 300 ## - PHYSICAL DESCRIPTION | |
| Extent | 306:p |
| 505 ## - FORMATTED CONTENTS NOTE | |
| Formatted contents note | Mercara (Page-19), Dehra Dun (Page-41), Sandhurst (Page-59), Bangalore (Page-83), Baghdad (Page-96), Allahabad (Page-109), Fort Sandeman (Page-126), Quetta (Page-141), Madras (Page-154), Singapore (Page-162), Agra (Page-173), Maungdaw (Page-190), Buthidaung (Page-209), Kangaw (Page-206), Matsue (Page-231), Jullunder (Page-246), Simla (Page-283), Korea (Page-291), New Delhi (Page-304). |
| 650 ## - SUBJECT ADDED ENTRY--TOPICAL TERM | |
| Topical term or geographic name entry element | India |
| 9 (RLIN) | 25356 |
| 942 ## - ADDED ENTRY ELEMENTS (KOHA) | |
| Source of classification or shelving scheme | |
| Koha item type | Book |
| Withdrawn status | Lost status | Source of classification or shelving scheme | Damaged status | Not for loan | Permanent Location | Current Location | Shelving location | Date acquired | Shelving control number | Full call number | Barcode | Date last seen | Price effective from | Koha item type | Public note |
|---|---|---|---|---|---|---|---|---|---|---|---|---|---|---|---|
| Military College of Signals (MCS) | Military College of Signals (MCS) | General Stacks | 12/12/2016 | History | 954,EVA | MCS29552 | 12/08/2016 | 12/12/2016 | Book | Almirah No.61, Shelf No.2 |
